UBT Library

EVIDENTIMI RUAJTJA PERMISIMI DHE PERDORIMI I RESURSEVE GJENETIKE AUTOKTONE (Record no. 60544)

000 -LEADER
fixed length control field 00383nam a22001457a 4500
008 - FIXED-LENGTH DATA ELEMENTS--GENERAL INFORMATION
fixed length control field 231219b ||||| |||| 00| 0 eng d
020 ## - INTERNATIONAL STANDARD BOOK NUMBER
International Standard Book Number 9789928146908
041 ## - LANGUAGE CODE
Language code of text/sound track or separate title Shqip
080 ## - UNIVERSAL DECIMAL CLASSIFICATION NUMBER
Universal Decimal Classification number 612.39
082 ## - DEWEY DECIMAL CLASSIFICATION NUMBER
Classification number 612.39MAH
100 ## - Rafti
Rafti 16
101 ## - Shkurtesa
Shkurtesa BIOUSHQIM
245 ## - TITLE STATEMENT
Title EVIDENTIMI RUAJTJA PERMISIMI DHE PERDORIMI I RESURSEVE GJENETIKE AUTOKTONE
Statement of responsibility, etc MAHO.ARDIAN
942 ## - ADDED ENTRY ELEMENTS (KOHA)
Source of classification or shelving scheme
Item type Books
Holdings
Withdrawn status Lost status Source of classification or shelving scheme Damaged status Not for loan Collection code Permanent location Current location Date acquired Total Checkouts Full call number Barcode Date last seen Price effective from Koha item type
          Koleksioni i përgjithshem UBT - Lipjan UBT - Lipjan 12/19/2023   612.39MAH 002-800070547 12/19/2023 12/19/2023 Books
UBT Library © 2015-2024. All rights reserved University Education for Business and Technology